[Event "19. Obert Int. Sant Marti 2017"]
[Site "Barcelona ESP"]
[Date "2017.07.21"]
[Round "9.68"]
[White "Alcaraz Lopez, Francesc"]
[Black "Nadal Fajardo, Ricard"]
[Result "1/2-1/2"]
[WhiteElo "1811"]
[BlackElo "2027"]
[PlyCount "52"]
[EventDate "2017.07.13"]
[EventType "swiss"]
[EventRounds "9"]
[EventCountry "ESP"]
[SourceTitle "Ajedrez en Madrid"]
[Source "lmi"]
[SourceDate "2017.07.13"]
[SourceVersion "1"]
[SourceVersionDate "2019.06.21"]
[SourceQuality "1"]

1. c4 Nf6 2. d4 c6 3. Nc3 d5 4. e3 g6 5. Nf3 Bg7 6. Bd3 O-O 7. O-O Bf5 8. Bxf5
gxf5 9. cxd5 cxd5 10. Bd2 e6 11. Ne5 Nbd7 12. f4 Ne4 13. Nxd7 Qxd7 14. Nxe4
fxe4 15. Qh5 f5 16. Kh1 Qf7 17. Qe2 Rac8 18. Bc3 Kh8 19. g4 fxg4 20. Qxg4 Qf5
21. Qxf5 exf5 22. Rac1 Rf6 23. Rg1 Rg6 24. Rg3 Bf6 25. Bd2 Rxc1+ 26. Bxc1 Kg7
1/2-1/2

[Event "19. Obert Int. Sant Marti 2017"]
[Site "Barcelona ESP"]
[Date "2017.07.21"]
[Round "9.69"]
[White "Colome Rovira, Oscar"]
[Black "Valarezzo Ricard, Pedro"]
[Result "1-0"]
[WhiteElo "1865"]
[BlackElo "1954"]
[PlyCount "109"]
[EventDate "2017.07.13"]
[EventType "swiss"]
[EventRounds "9"]
[EventCountry "ESP"]
[SourceTitle "Ajedrez en Madrid"]
[Source "lmi"]
[SourceDate "2017.07.13"]
[SourceVersion "1"]
[SourceVersionDate "2019.06.21"]
[SourceQuality "1"]

1. d4 Nf6 2. Nf3 d5 3. Bf4 Bf5 4. e3 e6 5. h3 h6 6. Bd3 Bxd3 7. Qxd3 c6 8. O-O
Bd6 9. Nbd2 Qc7 10. Bxd6 Qxd6 11. e4 dxe4 12. Nxe4 Nxe4 13. Qxe4 Nd7 14. c4 Nf6
15. Qe3 O-O 16. Rfe1 Qb4 17. b3 Rad8 18. Rad1 Qa5 19. Re2 Rfe8 20. Qf4 Qc3 21.
Ne5 c5 22. d5 Qa5 23. d6 Rf8 24. Rd3 Ne8 25. Ng4 f5 26. Nxh6+ gxh6 27. Rg3+ Ng7
28. Qxh6 Rf7 29. Rxe6 f4 30. Rg4 Qc3 31. Reg6 Qe1+ 32. Kh2 Qe5 33. R4g5 Qd4 34.
Rh5 Rff8 35. Qh7+ Kf7 36. Rxg7+ Qxg7 37. Rf5+ Ke6 38. Qxg7 Kxf5 39. Qxb7 Rxd6
40. Qc7 Ke6 41. Qxc5 Rf6 42. Qxa7 f3 43. g4 Rd7 44. Qe3+ Kf7 45. g5 Rf5 46. g6+
Kf6 47. c5 Re7 48. Qh6 Rg7 49. c6 Rxg6 50. Qf8+ Ke5 51. Qb8+ Kf6 52. c7 Rg2+
53. Kh1 Rfg5 54. Qd8+ Kf7 55. Qxg5 1-0